000
00316nam a22001457a 4500
008
230901b ||||| |||| 00| 0 eng d
020
_a
0198246749
041
_a
eng
080
_a
618
082
_a
618TOO
100
_a
15
101
_a
GJINEK
245
_a
ABORTION AND INFANTICIDE
_c
TOOLEY .M
942
_2
udc
_c
BK
999
_c
60235
_d
60235